Online
Catalog

A paixao segundo G.H. / (Record no. 43255)

MARC details
000 -CABECERA
campo de control de longitud fija 01018nam a2200277 a 4500
001 - NÚMERO DE CONTROL
campo de control 000043766
005 - FECHA Y HORA DE LA ÚLTIMA TRANSACCIÓN
campo de control 20201002044947.0
008 - DATOS DE LONGITUD FIJA--INFORMACIÓN GENERAL
campo de control de longitud fija 140424s1988 po ac 000 0 spa d
020 ## - NÚMERO INTERNACIONAL ESTÁNDAR DEL LIBRO
Número Internacional Estándar del Libro 8570280084
040 ## - FUENTE DE LA CATALOGACIÓN
Centro catalogador/agencia de origen DO-SdBNP
Lengua de catalogación spa
Centro/agencia transcriptor BNPHU
082 ## - NÚMERO DE LA CLASIFICACIÓN DECIMAL DEWEY
Número de clasificación B869.4
Número de documento/Ítem L771p
100 1# - ENTRADA PRINCIPAL--NOMBRE DE PERSONA
Nombre de persona Lispector, Clarice,
Fechas asociadas al nombre 1920-1977.
9 (RLIN) 71601
245 10 - MENCIÓN DE TÍTULO
Título A paixao segundo G.H. /
Mención de responsabilidad, etc. Clarice Lispector ; edicção crítica Benedito Nunes.
260 ## - PUBLICACIÓN, DISTRIBUCIÓN, ETC.
Lugar de publicación, distribución, etc. São Paulo, Brasil :
Nombre del editor, distribuidor, etc. UNESCO,
Fecha de publicación, distribución, etc. 1988.
300 ## - DESCRIPCIÓN FÍSICA
Extensión xxxviii, 366 p. :
Otras características físicas il., retrs. ;
Dimensiones 24 cm.
490 1# - MENCIÓN DE SERIE
Mención de serie Arquivos
Designación de volumen o secuencia 13
500 ## - NOTA GENERAL
Nota general Incluye referencias bibliográficas y notas al pie de las páginas
504 ## - NOTA DE BIBLIOGRAFÍA, ETC.
Nota de bibliografía, etc. Bibliografía : p. 309-366
600 14 - PUNTO DE ACCESO ADICIONAL DE MATERIA--NOMBRE DE PERSONA
Nombre de persona LISOECTOR, CLARICE
Fechas asociadas al nombre 1925-1977
9 (RLIN) 71602
650 #4 - PUNTO DE ACCESO ADICIONAL DE MATERIA--TÉRMINO DE MATERIA
Término de materia o nombre geográfico como elemento de entrada Romance brasileño
9 (RLIN) 71603
650 #4 - PUNTO DE ACCESO ADICIONAL DE MATERIA--TÉRMINO DE MATERIA
Término de materia o nombre geográfico como elemento de entrada Literatura brasileña
9 (RLIN) 823
700 12 - PUNTO DE ACCESO ADICIONAL--NOMBRE DE PERSONA
Nombre de persona Nunes, Benedito
Término indicativo de función/relación ed.
9 (RLIN) 71604
710 22 - PUNTO DE ACCESO ADICIONAL--NOMBRE DE ENTIDAD CORPORATIVA
Nombre de entidad corporativa o nombre de jurisdicción como elemento de entrada Organizaciones de las Naciones Unidas para la Educación
9 (RLIN) 56288
830 #0 - PUNTO DE ACCESO ADICIONAL DE SERIE-TÍTULO UNIFORME
Título uniforme Arquivos ;
Número de parte o sección de la obra 13
9 (RLIN) 71605
910 ## - DATOS DE OPCIÓN DEL USUARIO (OCLC)
Datos de opción del usuario Validado. Control de calidad MFF
Holdings
Estado de retiro Estado de pérdida Restricciones de uso No para préstamo Código de colección Localización permanente Ubicación/localización actual Ubicación en estantería Fecha de adquisición Número de inventario Total de préstamos Signatura topográfica completa Código de barras Fecha visto por última vez Precio válido a partir de Tipo de ítem Koha
      Excluido de préstamo Monografías: Libros y Folletos General General Depósito 24.04.2014 LF1   B869.4 L771p 43766-10 25.06.2020 25.06.2020 No se presta

Powered by Koha